[Event "46th Sparkassen Open"]
[Site "Dortmund GER"]
[Date "2018.07.15"]
[Round "2.27"]
[White "Ball, Joerg"]
[Black "Boecker, Juergen"]
[Result "1-0"]
[WhiteElo "1973"]
[BlackElo "1877"]
[WhiteFideId "4685172"]
[BlackFideId "12915904"]
[EventDate "2018.07.14"]

1. e4 e5 2. f4 exf4 3. Nf3 Be7 4. Nc3 Bh4+ 5. Ke2 c6 6. d4 d5 7. e5 Bg4 8. Bxf4
f6 9. Qd3 fxe5 10. dxe5 Nd7 11. Kd2 Nc5 12. Qe2 Ne4+ 13. Kc1 Bg5 14. Bxg5 Nxg5
15. b3 Qa5 16. Kb2 d4 17. Ne4 Nxe4 18. Qxe4 Qc3+ 19. Kb1 Bxf3 20. gxf3 O-O-O 21.
Bc4 Ne7 22. Rd1 Qe3 23. Qxe3 dxe3 24. Re1 Rd2 25. Rxe3 Rxh2 26. Kb2 Rd8 27. Bd3
Rf8 28. Be4 Rd8 29. Bd3 Rf8 30. Rf1 g5 31. Re4 Nf5 32. Rg1 h6 33. f4 Nh4 34.
fxg5 hxg5 35. Rxg5 Nf3 36. Rg7 Re8 37. e6 c5 38. e7 Nd4 39. Re3 a6 40. Bg6 Rg2
41. Bxe8 Rxg7 42. Bd7+ Kc7 43. e8=Q Rxd7 44. Re7 1-0

[Event "46th Sparkassen Open"]
[Site "Dortmund GER"]
[Date "2018.07.16"]
[Round "3.1"]
[White "Webb, Laurence E"]
[Black "Hausrath, Daniel"]
[Result "0-1"]
[WhiteTitle "FM"]
[BlackTitle "GM"]
[WhiteElo "2306"]
[BlackElo "2495"]
[WhiteFideId "402389"]
[BlackFideId "4617495"]
[EventDate "2018.07.14"]

1. d4 Nf6 2. c4 Nc6 3. Nf3 e6 4. a3 g6 5. Nc3 d6 6. e4 Bg7 7. Be2 O-O 8. O-O Re8
9. h3 e5 10. dxe5 Nxe5 11. Nxe5 Rxe5 12. Bf4 Re8 13. e5 dxe5 14. Qxd8 Rxd8 15.
Bxe5 c6 16. Rad1 Bf5 17. Rxd8+ Rxd8 18. Rd1 Re8 19. Bd4 Ne4 20. Bxg7 Kxg7 21.
Nxe4 Rxe4 22. Bf1 Be6 23. f3 Re3 24. Kf2 Rb3 25. Rd2 c5 26. h4 Kf6 27. g3 h6 28.
Be2 Rb6 29. Ke3 g5 30. hxg5+ hxg5 31. Kf2 Ke5 32. Bf1 f5 33. Re2+ Kf6 34. Rd2 f4
35. gxf4 gxf4 36. Be2 Ke5 37. Bf1 Rd6 38. Re2+ Kf6 39. Re4 Bf5 40. Rxf4 Kg5 41.
Kg3 Rd1 42. Be2 Rh1 43. Rxf5+ Kxf5 44. f4 b6 45. Bd3+ Kf6 46. Kf3 Rh2 47. b4 Ra2
48. b5 Rxa3 49. Ke4 Ke6 50. Be2 a5 51. bxa6 Rxa6 52. f5+ Kd6 53. f6 Ke6 54. f7
Kxf7 55. Kd5 Ra4 56. Bg4 Rb4 57. Bd7 Kf6 58. Bc8 Kg5 59. Ba6 Kf4 60. Kc6 Ke5 0-1

[Event "46th Sparkassen Open"]
[Site "Dortmund GER"]
[Date "2018.07.16"]
[Round "3.2"]
[White "Nalbandian, Tigran"]
[Black "Kartsev, Soel"]
[Result "1-0"]
[WhiteTitle "GM"]
[WhiteElo "2452"]
[BlackElo "2222"]
[WhiteFideId "13300245"]
[BlackFideId "4130561"]
[EventDate "2018.07.14"]

1. Nf3 Nf6 2. g3 b6 3. Bg2 Bb7 4. d3 c5 5. e4 d6 6. O-O g6 7. a4 a6 8. Nbd2 Bg7
9. Nc4 Nbd7 10. Ng5 Qc7 11. Ne3 O-O 12. f4 e6 13. Bd2 b5 14. b3 h6 15. Nf3 d5
16. e5 Ne8 17. axb5 axb5 18. Rxa8 Bxa8 19. Qa1 Bc6 20. d4 f6 21. Bh3 Kh7 22. c3
fxe5 23. fxe5 Rxf3 24. Rxf3 Nxe5 25. Rf1 Nd3 26. Qb1 c4 27. Bxe6 Nf6 28. Rxf6
Bxf6 29. Nxd5 Bxd5 30. Bxd5 Qd7 31. bxc4 Qf5 32. Qf1 1-0

[Event "46th Sparkassen Open"]
[Site "Dortmund GER"]
[Date "2018.07.16"]
[Round "3.3"]
[White "Jugelt, Tobias"]
[Black "Kueppers, Timo"]
[Result "1-0"]
[WhiteTitle "IM"]
[WhiteElo "2417"]
[BlackElo "2178"]
[WhiteFideId "4626150"]
[BlackFideId "16205820"]
[EventDate "2018.07.14"]

1. g3 g6 2. Bg2 Bg7 3. d4 c5 4. c3 Qa5 5. dxc5 Qxc5 6. Be3 Qa5 7. Qb3 Nc6 8. Nf3
Nf6 9. O-O O-O 10. Na3 Qh5 11. h3 d6 12. Ng5 Qxe2 13. Nb5 Bf5 14. Rfe1 Qc2 15.
Qa3 Bd7 16. g4 Ne5 17. Nd4 Qa4 18. Qxa4 Bxa4 19. f4 Nd3 20. Re2 e5 21. fxe5 dxe5
22. Nb3 h6 23. Ne4 Nd5 24. Nec5 N3f4 25. Bxd5 Nxe2+ 26. Kf2 Bxb3 27. axb3 Nf4
28. Bxb7 Rad8 29. Rxa7 Nxh3+ 30. Kg3 Ng5 31. b4 f5 32. Bxg5 hxg5 33. c4 Rd2 34.
Bd5+ Kh8 35. Ne6 e4 36. Rxg7 f4+ 37. Kh3 f3 38. Rxg6 Rxd5 39. Nxf8 Re5 40. Re6
Rxe6 41. Nxe6 1-0

[Event "46th Sparkassen Open"]
[Site "Dortmund GER"]
[Date "2018.07.16"]
[Round "3.4"]
[White "Luft, Dennis"]
[Black "Gallasch, Jonas"]
[Result "1-0"]
[WhiteElo "2322"]
[BlackElo "1903"]
[WhiteFideId "24623717"]
[BlackFideId "16222474"]
[EventDate "2018.07.14"]

1. e4 c6 2. d4 d5 3. exd5 cxd5 4. Bd3 Nc6 5. c3 Qc7 6. h3 Nf6 7. Nf3 g6 8. O-O
Bf5 9. Be2 Bg7 10. Nbd2 O-O 11. Re1 Nb4 12. Rf1 Bc2 13. Qe1 Nd3 14. Bxd3 Bxd3
15. Qe5 Qxe5 16. dxe5 Nd7 17. Re1 e6 18. Re3 Ba6 19. Nb3 Rfc8 20. Re1 Rc4 21.
Bg5 Re4 22. Rxe4 dxe4 23. Nfd2 h6 24. Be7 e3 25. fxe3 b6 26. Nf3 Nxe5 27. Nxe5
Bxe5 28. Rd1 Re8 29. Bh4 g5 30. Bf2 Kf8 31. Nd4 Bb7 32. Be1 Ke7 33. c4 Rd8 34.
Kf2 Ke8 35. Bc3 Be4 36. Rc1 Bxd4 37. exd4 Rc8 38. Bb4 Bd5 39. b3 b5 40. Bc5 bxc4
41. bxc4 Bc6 42. Rb1 Ra8 43. Rb2 Kd7 44. Ke3 Kc7 45. Be7 f5 46. g3 Kd7 47. Bf6
Rc8 48. Be5 Be4 49. Rb4 a5 50. Rb5 Rxc4 51. Rxa5 Rb4 52. Bg7 h5 53. Bf6 g4 54.
h4 Ke8 55. Kf4 Kf7 56. Kg5 f4 57. Kxf4 Bd5 58. Kg5 Rb7 59. Be5 1-0

[Event "46th Sparkassen Open"]
[Site "Dortmund GER"]
[Date "2018.07.16"]
[Round "3.5"]
[White "Spickermann, Sven"]
[Black "Kashlinskaya, Alina"]
[Result "0-1"]
[BlackTitle "IM"]
[WhiteElo "2007"]
[BlackElo "2435"]
[WhiteFideId "16248767"]
[BlackFideId "4198026"]
[EventDate "2018.07.14"]

1. e4 e5 2. Nf3 Nc6 3. Bc4 Nf6 4. d3 h6 5. c3 d6 6. a4 g5 7. O-O Bg7 8. Na3 O-O
9. Nc2 Ne7 10. Re1 c6 11. d4 Qc7 12. Qe2 Ng6 13. h3 Re8 14. dxe5 dxe5 15. Nh2
Qe7 16. Ng4 Nh7 17. f3 h5 18. Nf2 Nf4 19. Qf1 Qf6 20. g3 Ng6 21. Kg2 Kh8 22. Be3
Rg8 23. a5 Bf8 24. Be2 Be6 25. Rad1 Be7 26. Kh2 Nhf8 27. Nd3 Qg7 28. Nc5 Bxc5
29. Bxc5 h4 30. Bf2 hxg3+ 31. Bxg3 Nf4 32. Bxf4 gxf4 33. Qf2 Qh6 34. h4 Rg3 0-1

[Event "46th Sparkassen Open"]
[Site "Dortmund GER"]
[Date "2018.07.16"]
[Round "3.6"]
[White "Wagner, Alexej"]
[Black "Rendboe, John Filip"]
[Result "1-0"]
[BlackTitle "FM"]
[WhiteElo "2313"]
[BlackElo "2109"]
[WhiteFideId "4129555"]
[BlackFideId "1403664"]
[EventDate "2018.07.14"]

1. d4 d5 2. c4 e6 3. Nc3 Nf6 4. Bg5 Be7 5. e3 O-O 6. Nf3 h6 7. Bh4 Ne4 8. Bxe7
Qxe7 9. Rc1 Nxc3 10. Rxc3 Nc6 11. cxd5 exd5 12. Bb5 Bd7 13. O-O Rfc8 14. Qb3 Qd6
15. Bxc6 Bxc6 16. Rfc1 a5 17. Ne5 a4 18. Qc2 Qb4 19. a3 Qb5 20. Rc5 Qb6 21. Nxc6
bxc6 22. Rxc6 Qb7 23. Qc3 Ra6 24. Rxa6 Qxa6 25. h3 Qb6 26. Rc2 c6 27. Qd2 Rb8
28. Qc1 Kh7 29. Rxc6 Qxb2 30. Qxb2 Rxb2 31. Ra6 1-0

[Event "46th Sparkassen Open"]
[Site "Dortmund GER"]
[Date "2018.07.16"]
[Round "3.7"]
[White "Baerwolf, Steven"]
[Black "Quast, Marcel"]
[Result "1/2-1/2"]
[WhiteElo "2172"]
[BlackElo "2247"]
[WhiteFideId "24658634"]
[BlackFideId "24663476"]
[EventDate "2018.07.14"]

1. b3 e5 2. Bb2 Nc6 3. e3 d5 4. Bb5 Bd6 5. f4 f6 6. Qh5+ g6 7. Qh4 Qe7 8. fxe5
fxe5 9. Bxc6+ bxc6 10. Qxe7+ Kxe7 11. Nf3 Ke6 12. c4 dxc4 13. bxc4 Ba6 14. c5
Bxc5 15. Bxe5 Nf6 16. Nc3 Bd6 17. Bxf6 Kxf6 18. Kf2 Rab8 19. Rhc1 Ke7 20. Ne4
Rb6 21. Nc5 Bc8 22. Rc4 Rf8 23. Rac1 Rb2 24. R1c2 Rxc2 25. Rxc2 Bxh2 26. Ne4 Bd6
27. Nxd6 Kxd6 28. e4 c5 29. Ke3 Be6 30. d4 cxd4+ 31. Nxd4 Bd7 32. e5+ Kxe5 33.
Rxc7 Kd6 34. Rxa7 Rf1 35. a4 Re1+ 36. Kf2 Ra1 37. a5 Ra2+ 38. Kg3 Ra4 39. Nf3
Bc6 40. Rxh7 Rxa5 41. Rh6 Be4 42. Nh4 Ke6 43. Kf4 Bb1 44. Nxg6 Bxg6 45. Rxg6+
Kf7 46. Rg5 Ra4+ 47. Kf5 Ra2 48. Rg3 Ra5+ 49. Kg4 Kg6 50. Rb3 Ra4+ 51. Kh3 Ra6
52. Kh4 Ra4+ 53. g4 Ra6 54. Rb8 Kg7 55. Kh5 Ra5+ 56. g5 Ra7 57. Rb5 1/2-1/2

[Event "46th Sparkassen Open"]
[Site "Dortmund GER"]
[Date "2018.07.16"]
[Round "3.8"]
[White "Heck, Norbert"]
[Black "Mroczek, Mathias"]
[Result "1/2-1/2"]
[WhiteTitle "FM"]
[WhiteElo "2227"]
[BlackElo "2140"]
[WhiteFideId "4622928"]
[BlackFideId "4643836"]
[EventDate "2018.07.14"]

1. Nf3 e6 2. c4 d5 3. g3 g6 4. Bg2 Bg7 5. O-O Ne7 6. d4 O-O 7. Nc3 Nbc6 8. e3
dxc4 9. Qa4 e5 10. dxe5 Nxe5 11. Nxe5 Bxe5 12. Rd1 Qe8 13. Qxc4 Be6 14. Qc5 Bd6
15. Qb5 Rb8 16. Qxe8 Rfxe8 17. b3 Be5 18. Bb2 c6 19. Rd2 Red8 20. Rad1 Rxd2 21.
Rxd2 Kf8 22. f4 Bc7 23. e4 Rd8 24. Rxd8+ Bxd8 25. Na4 b6 26. Kf2 Ke8 27. Ke3 Kd7
28. Nc3 Bc7 29. Bf1 Bd6 30. Bd3 Bc5+ 31. Kf3 Bd4 32. Nd1 Bxb2 33. Nxb2 h5 34.
Ke3 c5 35. Bb5+ Kc7 36. Nd3 Nc8 37. Ne5 Nd6 38. Be2 a5 39. g4 hxg4 40. Bxg4 Bxg4
41. Nxg4 Nxe4 42. Kxe4 f5+ 43. Kf3 fxg4+ 44. Kxg4 a4 45. f5 axb3 46. axb3 gxf5+
47. Kxf5 b5 48. h4 c4 49. bxc4 bxc4 50. Ke4 Kd7 51. h5 Ke7 52. h6 Kf7 53. h7 Kg7
54. Kd4 Kxh7 55. Kxc4 1/2-1/2

[Event "46th Sparkassen Open"]
[Site "Dortmund GER"]
[Date "2018.07.16"]
[Round "3.9"]
[White "Zatonskih, V."]
[Black "Mueller, Frank3"]
[Result "1-0"]
[WhiteTitle "FM"]
[WhiteElo "2323"]
[BlackElo "2067"]
[WhiteFideId "14102161"]
[BlackFideId "24681318"]
[EventDate "2018.07.14"]

1. e4 c5 2. Nf3 e6 3. d4 cxd4 4. Nxd4 Nc6 5. Nb5 d6 6. c4 a6 7. N5c3 Nf6 8. Be2
Be7 9. O-O O-O 10. Be3 Qc7 11. Nd2 b6 12. Rc1 Bb7 13. Nd5 exd5 14. cxd5 Qd7 15.
dxc6 Bxc6 16. Nc4 Qb7 17. Nxb6 Rae8 18. f3 Bd8 19. Nc4 1-0

[Event "46th Sparkassen Open"]
[Site "Dortmund GER"]
[Date "2018.07.16"]
[Round "3.10"]
[White "Boehm, Juergen2"]
[Black "Ball, Joerg"]
[Result "1-0"]
[WhiteElo "2233"]
[BlackElo "1973"]
[WhiteFideId "4606434"]
[BlackFideId "4685172"]
[EventDate "2018.07.14"]

1. d4 g6 2. e4 Bg7 3. Nc3 d6 4. f4 Nf6 5. Nf3 c5 6. Bb5+ Bd7 7. e5 Ng4 8. e6
Bxb5 9. exf7+ Kd7 10. Nxb5 Qa5+ 11. Nc3 cxd4 12. Nxd4 Bxd4 13. Qxd4 Nc6 14. Qc4
Qb6 15. Qe2 Nf6 16. Bd2 Rhf8 17. O-O-O Rxf7 18. Rhe1 Raf8 19. Qe6+ Kc7 20. g4
Kb8 21. h3 a6 22. Kb1 Nd8 23. Qc4 e6 24. Be3 Qc6 25. Qxc6 bxc6 26. Rxd6 Nd5 27.
Nxd5 exd5 28. Bb6 Kc8 29. Bxd8 Rxd8 30. Rxc6+ Kb7 31. Ree6 Rxf4 32. b3 Rf3 33.
Rb6+ Kc7 34. Rec6+ Kd7 35. Rxa6 Rxh3 36. Rd6+ Kc7 37. Rxd8 Kxd8 38. Rd6+ Kc7 39.
Rxd5 h5 40. Rg5 h4 41. Rxg6 Rh1+ 42. Kb2 h3 43. Rh6 h2 44. g5 1-0

[Event "46th Sparkassen Open"]
[Site "Dortmund GER"]
[Date "2018.07.16"]
[Round "3.11"]
[White "Wolff, Christoph"]
[Black "Topolewski, Dirk"]
[Result "1/2-1/2"]
[WhiteElo "2026"]
[BlackElo "2192"]
[WhiteFideId "4648706"]
[BlackFideId "4651600"]
[EventDate "2018.07.14"]

1. e4 e6 2. d4 d5 3. exd5 exd5 4. Nf3 Bd6 5. c4 c6 6. Nc3 Nf6 7. Bd3 dxc4 8.
Bxc4 O-O 9. O-O Bf5 10. Ne5 Qc7 11. f4 Nbd7 12. h3 Rad8 13. Qe2 Nb6 14. Bb3 Rfe8
15. g4 Be6 16. Bxe6 Rxe6 17. g5 Nfd7 18. Qh5 Rf8 19. Bd2 Qd8 20. Rae1 Nd5 21.
Ne4 Bc7 22. Kh1 f5 23. Nc3 Ne7 24. Qe2 Nb6 25. Bc1 Ned5 26. Qf3 Qe7 27. Rg1 g6
28. Rgf1 Qd8 29. Kg2 Bd6 30. a3 Re7 31. Nxd5 Nxd5 32. Bd2 Rfe8 33. Qb3 Kg7 34.
Qg3 Bc7 35. Kh2 Bb6 36. Bc3 Qd6 37. Nc4 1/2-1/2

[Event "46th Sparkassen Open"]
[Site "Dortmund GER"]
[Date "2018.07.16"]
[Round "3.12"]
[White "Heinert, Eugen"]
[Black "Biermann, Lenhard"]
[Result "1-0"]
[WhiteElo "2200"]
[BlackElo "2051"]
[WhiteFideId "24621390"]
[BlackFideId "12970077"]
[EventDate "2018.07.14"]

1. d4 e6 2. e4 d5 3. Nc3 Bb4 4. a3 Bxc3+ 5. bxc3 dxe4 6. Qg4 Nf6 7. Qxg7 Rg8 8.
Qh6 Nbd7 9. Ne2 b6 10. Ng3 Bb7 11. Bg5 Rg6 12. Qh4 a6 13. Be2 Qe7 14. Bh5 Rg8
15. O-O O-O-O 16. Rfe1 Rde8 17. Nxe4 Bxe4 18. Bxf6 Nxf6 19. Rxe4 Nxe4 20. Qxe4
Rg5 21. Bf3 Qd6 22. Qxh7 Qf4 23. Qd3 b5 24. a4 Kd7 25. axb5 axb5 26. g3 Rh8 27.
Bg2 Qd6 28. h4 Rgh5 29. Re1 Rg8 30. Rb1 Rb8 31. Bf3 Rf5 32. Be4 Rh5 33. Qf3 Rhh8
34. Qxf7+ Qe7 35. Bc6+ Kd6 36. Qf3 Rbf8 37. Qg2 Qf6 38. Rxb5 Qh6 39. Rg5 Ke7 40.
Qe4 Qf6 41. Qe3 Rhg8 42. Re5 Kd8 43. h5 Rf7 44. Kf1 Rgf8 45. f3 Re7 46. c4 Rg8
47. Ra5 Reg7 48. Qa3 1-0

[Event "46th Sparkassen Open"]
[Site "Dortmund GER"]
[Date "2018.07.16"]
[Round "3.13"]
[White "Boesel, Alexander"]
[Black "Steinle, Carsten"]
[Result "1-0"]
[WhiteElo "1994"]
[BlackElo "2159"]
[WhiteFideId "4623185"]
[BlackFideId "24676462"]
[EventDate "2018.07.14"]

1. e4 e6 2. d4 d5 3. Nd2 b6 4. Ngf3 Nf6 5. exd5 exd5 6. Ne5 Bb7 7. Bb5+ c6 8.
Bd3 Bd6 9. O-O O-O 10. Qf3 c5 11. Re1 Qc7 12. Ng4 Nbd7 13. Qh3 Rfe8 14. Rxe8+
Rxe8 15. Nf3 Bf4 16. g3 Bxc1 17. Rxc1 Ne4 18. Re1 Nf8 19. Qh5 Re6 20. c3 Qe7 21.
Qh4 f6 22. Re3 Ng6 23. Qh5 Qd6 24. Nh4 Nxh4 25. Qxh4 cxd4 26. cxd4 Qb4 27. f3
Ng5 28. Bxh7+ Kf8 29. Ne5 fxe5 30. Qxg5 Qxd4 31. Qd8+ Kf7 32. Kf2 Qxb2+ 33. Re2
Qd4+ 34. Kg2 Ba6 35. Rc2 Bf1+ 36. Kxf1 e4 37. Rc7+ 1-0

[Event "46th Sparkassen Open"]
[Site "Dortmund GER"]
[Date "2018.07.16"]
[Round "3.14"]
[White "Kracht, Raphael"]
[Black "Savchenko, Daniel"]
[Result "1/2-1/2"]
[WhiteElo "1900"]
[BlackElo "2165"]
[WhiteFideId "16214382"]
[BlackFideId "12919195"]
[EventDate "2018.07.14"]

1. e4 c5 2. d4 cxd4 3. c3 d3 4. Bxd3 d6 5. c4 g6 6. Nc3 Bg7 7. Nge2 Nf6 8. f3 a6
9. Be3 Nc6 10. O-O O-O 11. Rc1 Be6 12. b3 Nd7 13. Bb1 Rc8 14. Nf4 Qa5 15. Ncd5
Rfe8 16. a4 Bxd5 17. exd5 Nce5 18. Nh3 f5 19. Kh1 b5 20. Bd2 Qb6 21. Qe2 Nc5 22.
f4 Nf7 23. cxb5 axb5 24. axb5 Nxb3 25. Rxc8 Rxc8 26. Be3 Qb7 27. Ba2 Nd4 28.
Bxd4 Bxd4 29. Ng5 Nxg5 30. fxg5 Rc5 31. Bc4 Qc7 32. Qe6+ Kg7 33. b6 Qb7 34. Ba6
Qxb6 35. Qxe7+ Kg8 36. Bc8 Qb8 37. Qe8+ Kg7 38. Qe7+ Kg8 39. Qe8+ Kg7 40. Qe7+
Kg8 1/2-1/2

[Event "46th Sparkassen Open"]
[Site "Dortmund GER"]
[Date "2018.07.16"]
[Round "3.15"]
[White "Irkilmez, Yakub"]
[Black "Schroeder, Joerg"]
[Result "1/2-1/2"]
[WhiteElo "2126"]
[BlackElo "1970"]
[WhiteFideId "16204581"]
[BlackFideId "24635677"]
[EventDate "2018.07.14"]

1. d4 Nf6 2. Bf4 c5 3. e3 e6 4. c3 b6 5. Nd2 Bb7 6. Ngf3 Be7 7. Bd3 d6 8. h3 a6
9. Qe2 Nbd7 10. e4 d5 11. e5 Nh5 12. Bh2 g6 13. O-O c4 14. Bc2 b5 15. a3 h6 16.
Kh1 Nf8 17. Ng1 Ng7 18. f4 h5 19. g4 hxg4 20. hxg4 Qd7 21. Rf3 O-O-O 22. Nh3 f6
23. b4 f5 24. g5 Qc6 25. a4 Kc7 26. Kg2 Nd7 27. Nf2 Rh5 28. Rh3 Rxh3 29. Nxh3
Rh8 30. Nf2 Nb6 31. a5 Nc8 32. Nf1 Rh7 33. Ne3 Qe8 34. Bg3 Nh5 35. Bh2 Qh8 36.
Rh1 Qf8 37. Qf3 Na7 38. Bd1 Qh8 39. Qe2 Qd8 40. Qd2 Ng7 41. Bc2 Qh8 42. Bd1 Qd8
43. Bf3 Qh8 44. Qd1 Qd8 45. Nh3 Qh8 46. Bg3 Bc6 47. Rh2 Qf8 48. Be1 Qd8 49. Bd2
Qf8 50. Qh1 Qh8 51. Kf2 Nc8 52. Be1 Bf8 53. Kf1 Ne7 54. Bf2 Ne8 55. Be1 Kd7 56.
Nc2 Nc7 57. Kg2 Ke8 58. Bd2 Kf7 59. Be2 Ke8 60. Nf2 Rxh2+ 61. Qxh2 Qxh2+ 62.
Kxh2 Kf7 63. Nh1 Bg7 64. Ng3 Bf8 65. Kg2 Bg7 66. Kf2 Bf8 67. Ne1 Bg7 68. Ng2 Bf8
69. Nh4 Be8 70. Ke3 Kg7 71. Bd1 Nc6 72. Ng2 1/2-1/2

[Event "46th Sparkassen Open"]
[Site "Dortmund GER"]
[Date "2018.07.16"]
[Round "3.16"]
[White "Melde, Benjamin"]
[Black "Biermann, Florian"]
[Result "0-1"]
[WhiteElo "2108"]
[BlackElo "2004"]
[WhiteFideId "12958816"]
[BlackFideId "12970069"]
[EventDate "2018.07.14"]

1. c4 Nf6 2. Nf3 c5 3. d4 cxd4 4. Nxd4 b6 5. Nc3 Bb7 6. Bg5 d6 7. Qc2 Nbd7 8. e4
e6 9. Be2 Be7 10. O-O O-O 11. Rad1 a6 12. f4 Qc7 13. Rf3 h6 14. Bh4 Rfe8 15. Rh3
Rac8 16. g4 Nc5 17. Bf3 g6 18. g5 Nh7 19. gxh6 Bxh4 20. Rxh4 e5 21. Nf5 gxf5 22.
Qg2+ Kf8 23. Qg7+ Ke7 24. Qxh7 Rg8+ 25. Kh1 Rg6 26. fxe5 fxe4 27. Nd5+ Bxd5 28.
cxd5 Nd3 29. Rxd3 exd3 30. exd6+ Kxd6 31. Rg4 Qc1+ 32. Kg2 Rxg4+ 33. Bxg4 Rc2+
34. Kh3 Qf1+ 35. Kh4 Rxh2+ 36. Kg5 Qc1+ 37. Kf5 Rf2+ 38. Ke4 Qf4+ 39. Kxd3 Rd2+ 0-1

[Event "46th Sparkassen Open"]
[Site "Dortmund GER"]
[Date "2018.07.16"]
[Round "3.17"]
[White "Hoppe, Thilo"]
[Black "Wilde, Justin"]
[Result "1-0"]
[WhiteElo "2107"]
[BlackElo "1930"]
[WhiteFideId "16219627"]
[BlackFideId "16236033"]
[EventDate "2018.07.14"]

1. d4 d5 2. c4 e6 3. Nc3 c6 4. Nf3 Nf6 5. Bg5 h6 6. Bh4 dxc4 7. e4 g5 8. Bg3 b5
9. Be2 Bb7 10. e5 Nd5 11. O-O Be7 12. Nd2 Qb6 13. Nde4 Nd7 14. a4 a5 15. Bh5 Rf8
16. Re1 O-O-O 17. axb5 cxb5 18. Bf3 Nb8 19. Nd6+ Bxd6 20. exd6 Nxc3 21. bxc3 b4
22. Bxb7+ Kxb7 23. d5 b3 24. dxe6 fxe6 25. Rxe6 Nc6 26. Qd5 Rfe8 27. Rxe8 Rxe8
28. Qf7+ Ka6 29. Qxe8 b2 30. Rb1 a4 31. Rxb2 Qxb2 32. Qxc6+ Ka5 33. Qa8+ 1-0

[Event "46th Sparkassen Open"]
[Site "Dortmund GER"]
[Date "2018.07.16"]
[Round "3.18"]
[White "Naidich, Vasily"]
[Black "Oezen, Alf"]
[Result "1-0"]
[WhiteElo "2088"]
[BlackElo "1911"]
[WhiteFideId "13901281"]
[BlackFideId "12985430"]
[EventDate "2018.07.14"]

1. d4 d5 2. c4 e6 3. Nc3 c6 4. e3 f5 5. Bd3 Nf6 6. Nge2 Bd6 7. f3 O-O 8. Qc2
dxc4 9. Bxc4 b5 10. Bb3 Kh8 11. O-O a5 12. a3 Qe8 13. Bd2 Ba6 14. Rf2 b4 15. Na4
Bxe2 16. Rxe2 Qh5 17. h3 g5 18. Bxe6 g4 19. Qxf5 gxf3 20. Qxh5 Nxh5 21. gxf3
Rxf3 22. Bg4 Rg3+ 23. Rg2 Nf6 24. Rxg3 Bxg3 25. Bf3 Nbd7 26. Bxc6 Rg8 27. Kf1
Bd6 28. e4 bxa3 29. e5 axb2 30. Nxb2 Nxe5 31. dxe5 Bxe5 32. Ra2 Rg3 33. Nc4 Bc7
34. Bg2 Nh5 35. Kf2 Rd3 36. Bf1 Rb3 37. Bxa5 Bxa5 38. Rxa5 Nf4 39. h4 h6 40. Rf5
Ng6 41. h5 Ne7 42. Rf7 Ng8 43. Ne5 Rb2+ 44. Be2 1-0

[Event "46th Sparkassen Open"]
[Site "Dortmund GER"]
[Date "2018.07.16"]
[Round "3.19"]
[White "Homfeldt, Christopher"]
[Black "Liedmann, Dennis"]
[Result "0-1"]
[WhiteElo "1818"]
[BlackElo "2088"]
[WhiteFideId "16220293"]
[BlackFideId "24671312"]
[EventDate "2018.07.14"]

1. e4 d5 2. exd5 Nf6 3. d4 Bg4 4. Nf3 Qxd5 5. Be2 e6 6. O-O Nc6 7. h3 Bh5 8. c4
Qd7 9. Be3 O-O-O 10. Nc3 Bxf3 11. Bxf3 Nxd4 12. Bxd4 Qxd4 13. Bxb7+ Kxb7 14.
Qf3+ c6 15. Rad1 Qb6 16. c5 Bxc5 17. Na4 Qb4 18. Nxc5+ Qxc5 19. b4 Qf5 20. Qa3
Rxd1 21. Rxd1 Rc8 22. b5 cxb5 23. g4 Qc2 0-1

[Event "46th Sparkassen Open"]
[Site "Dortmund GER"]
[Date "2018.07.16"]
[Round "3.21"]
[White "Nalbandyan, Vahan"]
[Black "Windfuhr, Thomas"]
[Result "1-0"]
[WhiteElo "1848"]
[BlackElo "2231"]
[WhiteFideId "13309439"]
[BlackFideId "4658477"]
[EventDate "2018.07.14"]

1. Nf3 d5 2. g3 c5 3. Bg2 Nc6 4. d4 e6 5. O-O Nf6 6. c4 dxc4 7. Qa4 Bd7 8. Qxc4
b5 9. Qd3 c4 10. Qd1 Qb6 11. a4 Rc8 12. axb5 Qxb5 13. Nc3 Qb8 14. e4 Nb4 15. Ne1
Be7 16. e5 Nfd5 17. Qg4 Kf8 18. Nxd5 h5 19. Qh3 exd5 20. Qxd7 Rc7 21. Qf5 g6 22.
Qf3 Rc6 23. h4 Kg7 24. Bd2 Rd8 25. Qe3 Qb6 26. f4 a5 27. f5 Kg8 28. e6 Bf6 29.
exf7+ Kf8 30. Bxb4+ axb4 31. Nf3 gxf5 32. Ne5 Bxe5 33. Qxe5 Re6 34. Qh8+ Ke7 35.
Qg7 Rf6 36. f8=Q+ 1-0

[Event "46th Sparkassen Open"]
[Site "Dortmund GER"]
[Date "2018.07.16"]
[Round "3.22"]
[White "Fuhlrott, Tim"]
[Black "Elier, Ali"]
[Result "0-1"]
[WhiteElo "1958"]
[BlackElo "1888"]
[WhiteFideId "16222431"]
[BlackFideId "16217543"]
[EventDate "2018.07.14"]

1. c4 Nf6 2. g3 e6 3. Bg2 d5 4. Nf3 Be7 5. O-O O-O 6. b3 c5 7. Bb2 Nc6 8. e3 b6
9. Nc3 Bb7 10. cxd5 exd5 11. d4 Rc8 12. Re1 c4 13. bxc4 dxc4 14. Ne5 b5 15. Nxb5
Qb6 16. Nxc6 Bxc6 17. Bxc6 Rxc6 18. Ba3 Bxa3 19. Nxa3 Ne4 20. Qc2 Ng5 21. Qf5 h6
22. Qd5 Rd8 23. Qg2 f5 24. Rab1 Qa6 25. Nc2 Rb6 26. Rxb6 axb6 27. Nb4 Qa3 28.
Nc6 Rd6 29. Ne7+ Kf8 30. Qb7 Rf6 31. h4 Qxe7 32. Qa8+ Qe8 33. Qa3+ Kg8 34. hxg5
hxg5 35. Qb4 Qc6 36. Rd1 Qf3 37. Qxc4+ Kh7 38. Kf1 Qxd1+ 39. Kg2 Rh6 0-1

[Event "46th Sparkassen Open"]
[Site "Dortmund GER"]
[Date "2018.07.16"]
[Round "3.23"]
[White "Conrad, Joachim"]
[Black "Puetter, Pascal"]
[Result "0-1"]
[WhiteElo "2078"]
[BlackElo "2002"]
[WhiteFideId "24623083"]
[BlackFideId "1271567"]
[EventDate "2018.07.14"]

1. d4 d5 2. Nf3 Nf6 3. e3 Bg4 4. h3 Bh5 5. c4 c6 6. Nc3 e6 7. cxd5 exd5 8. Bd3
Bd6 9. Bd2 Nbd7 10. Rb1 a5 11. Qc2 Bg6 12. O-O O-O 13. Rfc1 Re8 14. Bxg6 hxg6
15. Ne2 Ne4 16. Be1 Qe7 17. a3 Nb6 18. Nd2 Nxd2 19. Bxd2 Nc4 20. Re1 Qh4 21. Qd3
g5 22. b3 Nxd2 23. Qxd2 Bxa3 24. Qd3 Bb4 25. Rec1 g6 26. Nc3 Kg7 27. Qd1 f5 28.
Qf3 Bd6 29. g4 Rf8 30. Rc2 Rf7 31. Ra1 Qh8 32. Kg2 Qd8 33. Na4 Bc7 34. Nc5 Qd6
35. Rh1 Rb8 36. Qe2 Kg8 37. Qd3 Qf6 38. Qe2 Rh7 39. Qf3 Rf7 40. Rd1 Bd6 41. Nd3
Re8 42. Ra1 Qd8 43. Rca2 Re4 44. Qd1 fxg4 45. Rxa5 gxh3+ 46. Kh1 Qf6 47. Ra8+
Kg7 48. R1a7 Rxe3 0-1

[Event "46th Sparkassen Open"]
[Site "Dortmund GER"]
[Date "2018.07.16"]
[Round "3.24"]
[White "Oparaugo, Thomas"]
[Black "Alghawi, Abdullah"]
[Result "1/2-1/2"]
[WhiteTitle "IM"]
[WhiteElo "2064"]
[BlackElo "1916"]
[WhiteFideId "8500207"]
[BlackFideId "16259254"]
[EventDate "2018.07.14"]

1. e4 c5 2. Nf3 d6 3. d4 cxd4 4. Nxd4 Nf6 5. Nc3 g6 6. f3 Bg7 7. Be3 Nc6 8. Qd2
O-O 9. Bc4 Bd7 10. O-O-O Rc8 11. Bb3 Ne5 12. h4 h5 13. Bh6 Bxh6 14. Qxh6 Rxc3
15. bxc3 Qc7 16. Qd2 a5 17. a3 Rc8 18. Kb2 Qb6 19. Ka1 Qc5 20. Kb2 Qb6 21. Ka1
Qc5 22. Kb2 Qb6 1/2-1/2